LEADER 01077nam 2200349 450 001 990000460540203316 035 $a0046054 035 $aUSA010046054 035 $a(ALEPH)000046054USA01 035 $a0046054 100 $a20010522d1983----km-y0itay0103----ba 101 $aeng 102 $aGB 105 $a||||||||001yy 200 1 $a<> humane use of human ideas$ethe discoveries projects eco-technology$fedited by Shuhei Aida on behalf of the Honda Foundation 210 $aOxford$cPergamon press$d1983 215 $aIX, 311 p.$d21 cm 225 2 $aPergamon international library 410 $12001$aPergamon international library 461 1$1001-------$12001 676 $a303.483 702 1$aAIDA,$bShuhei 801 0$aIT$bsalbc$gISBD 912 $a990000460540203316 951 $a303.483 HUM$b7833 SM$c303.483$d00107178 959 $aBK 969 $aSCI 979 $aPATTY$b90$c20010522$lUSA01$h1014 979 $c20020403$lUSA01$h1654 979 $aPATRY$b90$c20040406$lUSA01$h1632 996 $aHumane use of human ideas$960492 997 $aUNISA LEADER 00811nam a2200229 i 4500 001 991004268637607536 005 20230405172743.0 008 180906s2022 it e 00000 ita c 020 $a9788859028284 040 $aBibl. Dip.le Aggr. Storia Società Studi sull'Uomo - Sez. Studi Storici 082 04$a371.384 245 00$aDidattica all'aperto :$bmetodologie e percorsi per insegnanti della scuola primaria /$ca cura di Michela Schenetti 260 $aTrento :$bErickson,$c2022 300 $a269 p. :$bill.,$c30 cm 490 1 $aGuide. Didattica 500 $aScritti di vari 650 7$aDidattica$xScuole elementari$xMetodi 650 7$aEducazione ambientale$xScuole elementari 700 1 $aSchenetti, Michela 912 $a991004268637607536 996 $aDidattica all'aperto$93376758 997 $aUNISALENTO